Luces, fe e historia : Morenica del Rosario 90 años /

Bibliographic Details
Main Authors: Malo Toral, Genoveva (Author), Moscoso Cordero, María Soledad (Author), Vivar Cordero, Carolina (Author)
Format: Electronic eBook
Language:Spanish
Published: Cuenca, Ecuador : Universidad del Azuay, Casa Editora, [2023]
Series:Homo (Universidad del Azuay, Casa Editora)
Subjects:
Online Access:Digitalia Hispánica

MARC

LEADER 00000nam a2200000 i 4500
001 DIGUAZUAY0231
003 NyNyDIG
007 cr |||||||||||
008 260119s2023 ec o ob 000 0 spa d
006 m o d
035 |a (OCoLC)1569883875 
040 |a DGITA  |b eng  |e rda  |e pn  |c DGITA 
020 |a 9789942645289  |q eBook 
020 |z 9789942645272 
043 |a s-ec--- 
050 1 4 |a BT652.E2 ebook 
100 1 |a Malo Toral, Genoveva,  |e author. 
245 1 0 |a Luces, fe e historia :  |b Morenica del Rosario 90 años /  |c Genoveva Malo Toral, Soledad Moscoso Cordero, Carolina Vivar Cordero. 
264 1 |a Cuenca, Ecuador :  |b Universidad del Azuay, Casa Editora,  |c [2023] 
300 |a 1 online resource :  |b color photographs. 
336 |a text  |b txt  |2 rdacontent 
337 |a computer  |b c  |2 rdamedia 
338 |a online resource  |b cr  |2 rdacarrier 
347 |a text file  |2 rdaft 
347 |b PDF 
490 1 |a Homo 
504 |a Includes bibliographical references. 
588 0 |a Online resource; title from PDF title page (Digitalia, viewed January 19, 2026) 
600 0 0 |a Mary,  |c Blessed Virgin, Saint  |x Devotion to. 
651 0 |a Ecuador  |x Religious life and customs. 
700 1 |a Moscoso Cordero, María Soledad,  |e author. 
700 1 |a Vivar Cordero, Carolina,  |e author. 
791 2 |a Digitalia (Firm),  |e distributor. 
793 0 |g Digitalia eBook Collection:  |a Universidad del Azuay 
776 0 8 |i Print version:  |a Malo Toral, Genoveva.  |t Luces, fe e historia.  |d Cuenca, Ecuador : Universidad del Azuay, Casa Editora, [2023]  |z 9789942645272 
830 0 |a Homo (Universidad del Azuay, Casa Editora) 
856 4 0 |3 Digitalia Hispánica  |u https://www.digitaliapublishing.com/a/134022/ 
910 |a Premium collection: 2026